Linear functional analysis
Saved in:
| Main Author: | |
|---|---|
| Format: | Book |
| Language: | English |
| Published: |
New York :
Gordon and Breach,
1969
|
| Series: | Notes on mathematics and its applications
|
| Subjects: | |
| Tags: |
Add Tag
No Tags, Be the first to tag this record!
|
MARC
| LEADER | 00000nam a2200000 i 4500 | ||
|---|---|---|---|
| 001 | 1/36825 | ||
| 008 | 950720s1969 eng d | ||
| 035 | |a 1994 |l 10040341 | ||
| 040 | |a GR-MY-UA |b gre |e aacr | ||
| 041 | 0 | |a eng | |
| 082 | 0 | |a 515.7 | |
| 100 | 1 | |a Bonic, Robert A. | |
| 245 | 1 | 0 | |a Linear functional analysis / |c Robert A. Bonic |
| 260 | |a New York : |b Gordon and Breach, |c 1969 | ||
| 300 | |a 124 p.; |c 24 cm. | ||
| 490 | 1 | |a Notes on mathematics and its applications | |
| 500 | |a Includes bibliographical references and index | ||
| 650 | 0 | 0 | |a Functional analysis. |
| 830 | 0 | |a Notes on mathematics and its applications | |
| 852 | |a INST |b SAMOS |e 19950720 |h 515.7 BON |p 005300003328 |q 005300003328 |t BK |y 0 | ||
| 909 | |a Σ |b 034531 | ||